Brev descripcio, y recopilacio de las funcions memorabbles que se han exscutat en esta ciutat de Barcelona y acasos es debinguts en ella ; contenint desde lo any 1740 en avant (Record no. 169503)
[ view plain ]
| 000 -LEADER | |
|---|---|
| campo de control de longitud fija | 01072ntm a2200253 i 4500 |
| 001 - NÚMERO DE CONTROL | |
| campo de control | 169503 |
| 003 - IDENTIFICADOR DE NÚMERO DE CONTROL | |
| campo de control | ES-MaACL |
| 005 - FECHA Y HORA DE LA ÚLTIMA TRANSACCIÓN | |
| campo de control | 20240527213112.0 |
| 008 - DATOS DE LONGITUD FIJA--INFORMACIÓN GENERAL | |
| campo de control de longitud fija | 081002m17401763sp |||| | cat d |
| 040 ## - FUENTE DE CATALOGACIÓN | |
| Centro/agencia transcriptor | ES-MaACL |
| 245 00 - MENCIÓN DEL TÍTULO | |
| Título | Brev descripcio, y recopilacio de las funcions memorabbles que se han exscutat en esta ciutat de Barcelona y acasos es debinguts en ella ; contenint desde lo any 1740 en avant |
| Medio | [Manuscrito]. |
| 260 ## - PUBLICACIÓN, DISTRIBUCIÓN, ETC. | |
| Fecha de publicación, distribución, etc. | 1740-1763. |
| 300 ## - DESCRIPCIÓN FÍSICA | |
| Extensión | [142] páginas ; |
| Dimensiones | 16 cm. |
| 500 ## - NOTA GENERAL | |
| Nota general | En la primera página: Franciscus Bal |
| 505 ## - NOTA DE CONTENIDO CON FORMATO | |
| Nota de contenido con formato | Relación cronológica de acontecimientos nacionales e internacionales |
| 530 ## - NOTA DISPONIBLE DE FORMULARIO FÍSICO ADICIONAL | |
| Nota de formato físico adicional disponible | Disponible en formato digital |
| 546 ## - NOTA DE IDIOMA | |
| Nota de lengua/lenguaje | Texto en catalán. |
| 651 #4 - PUNTO DE ACCESO ADICIONAL DE MATERIA--NOMBRE GEOGRÁFICO | |
| Nombre geográfico | Barcelona- |
| Subdivisión general | Descripción. |
| 9 (RLIN) | 160866 |
| 852 ## - LOCALIZACIÓN | |
| Ubicación | ES-MaACL |
| Ubicación en estantería | Depósito |
| Signatura antigua | Olim: D-491 |
| Número de control de estantería | R-3487 |
| Encuadernación | Pergamino |
| 856 ## - LOCALIZACIÓN Y ACCESO ELECTRÓNICOS | |
| Identificador Uniforme de Recursos | <a href="https://bvpb.mcu.es/es/consulta/registro.do?id=577740">https://bvpb.mcu.es/es/consulta/registro.do?id=577740</a> |
| Texto de enlace | Versión en línea |
| Nota pública | (Biblioteca Virtual del Patrimonio Bibliográfico) |
| 942 ## - ELEMENTOS DE ENTRADA SECUNDARIOS (KOHA) | |
| Tipo de ítem Koha | Manuscrito |
| Suprimir en OPAC | No |
| Estatus retirado | Estado de pérdida | Fuente del sistema de clasificación o colocación | Estado de daño | No para préstamo | Colección | Biblioteca de origen | Biblioteca actual | Ubicación en estantería | Fecha de adquisición | Total de préstamos | Signatura topográfica completa | Código de barras | Visto por última vez | Precio de reemplazo | Tipo de ítem Koha |
|---|---|---|---|---|---|---|---|---|---|---|---|---|---|---|---|
| Clasificación decimal universal | Colección digital | Biblioteca del Ateneo de Madrid | Biblioteca del Ateneo de Madrid | Depósito | 02/10/2008 | R-3487 | 1177949 | 23/02/2023 | 23/02/2023 | Manuscrito |
